000 00598nam a22001817a 4500
003 LK-CoMWRAF
005 20240217001800.0
008 230911b2014 |||||||| |||| 00| 0 eng d
020 _a9789556250503
040 _aLK-CoMWRAF
_dLK-CoMWRAF
_eLK-CoMWRAF
041 _asin
082 _a297
_bHUS
100 _aහුසේන්, අසීෆ්
245 _aඉස්ලාමය දෙසන ආගමික ඉවසීම
260 _aColombo :
_bMuslim Women's Research and Action Forum - MWRAF,
_c2014
700 _aසලීම්, එම්. එම්. එම්.
_etrans.
942 _cBK
999 _c3550
_d3550